000 00890 a2200301 4500
001 69431
003 TR-AnTOB
005 20250923145554.0
008 130426n nyua 000 1 d
020 _z051723159X
040 _aMAL
_cMAL
_beng
_erda
041 _aeng
050 1 4 _aPR4572
_b.C683
090 _aPR4572
_b.C683
100 _aDickens, Charles,
_d1812-1870
_9116968
245 1 2 _aA Christmas carol /
_cby Charles Dickens ; illustrated by Arthur Rackham.
264 1 _aNew York :
_bWeathervane Books.,
_c[date of publication not identified]
300 _axi, 147 p. :
_bill. ;
_c24 cm.
336 _atext
_btxt
_2rdacontent
337 _aunmediated
_bn
_2rdamedia
338 _avolume
_bnc
_2rdacarrier
700 _aRackham, Arthur,
_d1867-1939
_943525
902 _a0024109
903 _aMerkez Kütüphane
942 _cBK
_2lcc
945 _aCS, 27.05.08
999 _c69431
_d7318